000 00573nam a2200241Ia 4500
005 20260306145616.0
008 008 260114s9999 xx 000 0 eng d
020 _a9783110793055
037 _aEbook
040 _aCRL
040 _beng
040 _cCRL
041 _2eng
041 _aeng
084 _qCRL
245 0 _aLessings exoterische Verteidigung der Orthodoxie
260 _bDe Gruyter
260 _c2023
650 _aLiterary Studies
856 _uhttps://www.degruyter.com/isbn/9783110793055
942 _cEBOOK
999 _c1689502
_d1689502